Southville International School and Colleges
Your cart is empty.
  • Cart
  • Lists
    Public lists Eva Luna New books Lux_list list_1
    Your lists Log in to create your own lists
  • Log in to your account
  • Your cookies
  • Search history
Southville International School and Colleges
  • Advanced search
  • Recent comments
  • Most popular
  • Libraries

Log in to your account

Log in with GOOGLE


If you do not have an external account, but do have a local account, you can still log in:

  1. Home
  2. MARC view: The rock cycle /
Normal view MARC view ISBD view

The rock cycle / (Record no. 114910)

[ view plain ]
MARC details
000 -LEADER
fixed length control field 00785nam a2200193 a 4500
005 - DATE AND TIME OF LATEST TRANSACTION
control field 20140414132116.0
008 - FIXED-LENGTH DATA ELEMENTS--GENERAL INFORMATION
fixed length control field 111010s19uu xx 00 eng d
020 ## - INTERNATIONAL STANDARD BOOK NUMBER
International Standard Book Number 9781435828650
050 ## - LIBRARY OF CONGRESS CALL NUMBER
Classification number REF 552
Item number M82 2009
100 ## - MAIN ENTRY--PERSONAL NAME
Personal name Morgan, Sally, 1957-
245 ## - TITLE STATEMENT
Title The rock cycle /
Statement of responsibility, etc Sally Morgan.
250 ## - EDITION STATEMENT
Edition statement 1st ed.
260 ## - PUBLICATION, DISTRIBUTION, ETC. (IMPRINT)
Place of publication, distribution, etc New York, NY :
Name of publisher, distributor, etc PowerKids Press,
Date of publication, distribution, etc c2009.
440 ## - SERIES STATEMENT/ADDED ENTRY--TITLE
Title Nature�s cycles
500 ## - GENERAL NOTE
General note What is a rock? -- Rocks beneath our feet -- Rock types -- Igneous rocks -- Volcanic rocks -- Sedimentary rocks -- Changing rocks -- Worn away -- Weathered slopes -- Washed up -- Soil -- Types of soil -- Rocks and pollution -- Glossary.
650 ## - SUBJECT ADDED ENTRY--TOPICAL TERM
Topical term or geographic name as entry element Petrology --Juvenile literature.
650 ## - SUBJECT ADDED ENTRY--TOPICAL TERM
Topical term or geographic name as entry element Geochemical cycles --Juvenile literature.
Holdings
Withdrawn status Lost status Damaged status Use restrictions Home library Current library Shelving location Date acquired Source of acquisition Cost, normal purchase price Total Checkouts Full call number Barcode Date last seen Price effective from Koha item type
        Munich Library Munich Library Reference Section 10/10/2011   2013.00   REF 552 M82 2009 M6846 04/14/2014 04/14/2014 Books

The rock cycle /

APA

Morgan S. 1., . (2009). The rock cycle. New York, NY: PowerKids Press.

Chicago

Morgan Sally 1957, . 2009. The rock cycle. New York, NY: PowerKids Press.

Harvard

Morgan S. 1., . (2009). The rock cycle. New York, NY: PowerKids Press.

MLA

Morgan Sally 1957, . The rock cycle. New York, NY: PowerKids Press. 2009.

  • Place hold
  • Print
  • Cite
  • Add to your cart (remove)
  • Save record
    BIBTEX Dublin Core MARCXML MARC (non-Unicode/MARC-8) MARC (Unicode/UTF-8) MARC (Unicode/UTF-8, Standard) MODS (XML) RIS
  • More searches
    Search for this title in:
    Other Libraries (WorldCat) Other Databases (Google Scholar) Online Stores (Bookfinder.com) Open Library (openlibrary.org)

Exporting to Dublin Core...

SOUTHVILLE LIBRARY

Southville International School and Colleges Library

1281 Tropical Ave. Cor. Luxembourg St., BF Homes International, Las Pinas City

Tel. No. 8256374 / 252358 Loc. 117/146

Powered by Koha